Indian mammals : (Record no. 91510)

MARC details
000 -LEADER
fixed length control field 00607nam a22001937a 4500
005 - DATE AND TIME OF LATEST TRANSACTION
control field 20150324150137.0
010 ## - LCCN (DPL NO)
LC control number ENG-112196
020 ## - INTERNATIONAL STANDARD BOOK NUMBER
International Standard Book Number 9789350097601
Terms of availability 850.00
035 ## - SYSTEM CONTROL NUMBER
System control number EN-95728
037 ## - SOURCE OF ACQUISITION
Source of stock number/acquisition DBAD/PUB
082 ## - DEWEY DECIMAL CLASSIFICATION NUMBER
Classification number 599.0954
100 ## - MAIN ENTRY--PERSONAL NAME
Personal name Menon, Vivek
245 ## - TITLE STATEMENT
Title Indian mammals :
Statement of responsibility, etc by Vivek Menon
Remainder of title a field guide /
260 ## - PUBLICATION, DISTRIBUTION, ETC. (IMPRINT)
Place of publication, distribution, etc Gurgaon
Name of publisher, distributor, etc Hachette Book Publishing
Date of publication, distribution, etc 2014
270 ## - ADDRESS
Address 4th & 5th Floor, Corporate Centre, Plot No.94, Sector -44
City Gurgaon
Postal code 122003
300 ## - PHYSICAL DESCRIPTION
Extent 528p.:
Dimensions 23cm(pbk)
Other physical details col.ill.,maps
500 ## - GENERAL NOTE
General note Includes index
942 ## - ADDED ENTRY ELEMENTS (KOHA)
Source of classification or shelving scheme Dewey Decimal Classification
Item type English Books
Call number suffix MEN
Classification part 599.0954
Holdings
Withdrawn status Lost status Not for loan Collection code Home library Current library Date acquired Source of acquisition Cost, normal purchase price Full call number Barcode Copy number Cost, replacement price Koha item type
    Not For Loan Fiction D.B.Act.Division D.B.Act.Division 18/02/2015 DBAD/PUB 850.00 599.0954 MEN EN-95728 1 850.00 English Books

© Delhi Public Library
Hit Counter
free hit counter